书目信息 |
| 题名: |
物理学教程
|
|
| 作者: | 马文蔚 , 周雨青 , 解希顺 编 | |
| 分册: | 下 | |
| 出版信息: | 北京 高等教育出版社 2016.01 |
|
| 页数: | 316页 | |
| 开本: | 20cm | |
| 丛书名: | ||
| 单 册: | ||
| 中图分类: | O4 | |
| 科图分类: | ||
| 主题词: | 物理学 | |
| 电子资源: | ||
| ISBN: | 7-04-043751-1 | |
| 000 | 00669nam0 2200229 450 | |
| 001 | 1836502780 | |
| 005 | 20201005101557.14 | |
| 010 | @a7-04-043751-1@dCNY33.90 | |
| 100 | @a20180523d2016 km y0chiy0120 ea | |
| 101 | 0 | @achi |
| 102 | @aCN@b110000 | |
| 200 | 1 | @a物理学教程@Awu li xue jiao cheng@h下@f马文蔚, 周雨青, 解希顺编@Fma wen wei,zhou yu qing,jie xi shun bian |
| 205 | @a3版 | |
| 210 | @a北京@c高等教育出版社@d2016.01 | |
| 215 | @a316页@d20cm | |
| 606 | 0 | @a物理学 |
| 690 | @aO4@v4 | |
| 701 | 0 | @a马文蔚@Ama wen wei@4编 |
| 701 | 0 | @a周雨青@Azhou yu qing@4编 |
| 701 | 0 | @a解希顺@Ajie xi shun@4编 |
| 801 | 0 | @aCN@bMUSE@c20201005 |
| 905 | @aMUSE@dO4@eM188:2=3 | |
| 物理学教程.下/马文蔚, 周雨青, 解希顺编.-3版.-北京:高等教育出版社,2016.01 |
| 316页;20cm |
| ISBN 7-04-043751-1:CNY33.90 |
| ● |
| 相关链接 |
|
|
|
正题名:物理学教程
索取号:O4/M188:2=3
 
预约/预借
| 序号 | 登录号 | 条形码 | 馆藏地/架位号 | 状态 | 备注 |
| 1 | 1245518 | 212455181 | 自科库401/401自科库 105排1列1层/ [索取号:O4/M188:2=3] | 在馆 | |
| 2 | 1281754 | 212817549 | 自科库401/401自科库 54排3列2层/ [索取号:O4/M188:2=3] | 在馆 |